|
|
|
|
| LEADER |
00000cam a2200000 a 4500 |
| 001 |
vtls001096059 |
| 003 |
SK-MaSNL |
| 005 |
20260301151336.0 |
| 008 |
250414s1985 xo grnf 00000 slo |
| 015 |
|
|
|a SNBA1985/11
|
| 020 |
|
|
|q (brož.)
|
| 035 |
|
|
|a SNK000038901
|
| 040 |
|
|
|a SNK
|b slo
|c SNK
|e AACR2
|
| 041 |
0 |
|
|a slo
|
| 044 |
|
|
|a xo
|c SK
|
| 080 |
|
|
|a 371.26/.27:372.880.854
|2 1981
|
| 080 |
|
|
|a 372.880.854
|2 1981
|
| 080 |
|
|
|a 371.26/.27
|2 1981
|
| 100 |
1 |
|
|a Bernáthová, Alžbeta
|4 aut
|9 205479
|
| 245 |
1 |
0 |
|a Metodický list ku kontrole a hodnoteniu vedomostí žiakov zo slovenského jazyka na 2. stupni základnej školy s vyučovacím jazykom maďarským
|c Alžbeta Bernáthová
|
| 250 |
|
|
|a 1. vyd.
|
| 260 |
|
|
|a Bratislava
|b Krajský pedagogický ústav
|c 1985
|e Bratislava
|f Krajský pedagogický ústav
|
| 300 |
|
|
|a 20 s.
|c 30 cm
|
| 366 |
|
|
|e 200 výtl.
|
| 504 |
|
|
|a Obsahuje bibliografiu
|
| 650 |
0 |
7 |
|a slovenčina
|2 SNKPH
|9 1350
|
| 650 |
0 |
7 |
|a žiaci
|2 SNKPH
|9 16621
|
| 650 |
0 |
7 |
|a všeobecné vedomosti
|2 SNKPH
|9 4163
|
| 650 |
0 |
7 |
|a vyučovanie
|2 SNKPH
|9 1522
|
| 650 |
0 |
7 |
|a hodnotenie vedomostí
|2 SNKPH
|9 509888
|
| 655 |
|
7 |
|a metodické príručky
|2 SNKPH
|9 70250
|
| 852 |
|
|
|a Slovenská národná knižnica
|
| 958 |
|
|
|a OND
|
| 958 |
|
|
|a UO
|
| 958 |
|
|
|a NB
|
| 958 |
|
|
|a RM
|
| 999 |
|
|
|c 786368
|d 788298
|
| 952 |
|
|
|a SNK
|b SNK
|y PREZ
|7 0
|p 17A0811390
|o snkSb 39416
|0 0
|1 0
|4 0
|d 2014-03-31
|f 1
|l 0
|r 2025-04-24 00:00:00
|w 2026-02-24
|